[Event "Dubai op 6th"]
[Site "Dubai"]
[Date "2004.04.22"]
[Round "4"]
[White "Moradiabadi, Elshan"]
[Black "Eljanov, Pavel"]
[Result "0-1"]
[WhiteElo "2436"]
[BlackElo "2592"]
[Annotator "Postny,E"]
[PlyCount "114"]
[EventDate "2004.04.19"]
[EventType "swiss"]
[EventRounds "9"]
[EventCountry "UAE"]
[SourceTitle "CBM 101"]
[Source "ChessBase"]
[SourceDate "2004.07.27"]
[SourceVersion "1"]
[SourceVersionDate "2004.07.27"]
[SourceQuality "1"]

1. Nf3 c5 2. e4 Nc6 3. Nc3 Nf6 4. Bb5 Qc7 ({The variation} 4... Nd4 5. e5 {
leads to sharp variations.}) 5. O-O Nd4 6. Re1 (6. Nxd4 cxd4 7. Nd5 Nxd5 8.
exd5 {--> 1/2-1/2 Ulibin,M-Avrukh,B/Biel 2003/CBM 95 ext [Avrukh] (17)}) 6...
a6 (6... Ng4 {--> 1-0 Al Modiahki,M-Al Sayed,M/Doha 2003/CBM 94 [Oratovsky] 
(36)}) (6... e5 7. a4 Be7 8. d3 O-O 9. Bg5 d6 10. Bxf6 Bxf6 11. Nd5 Qd8 12. c3
Nxf3+ 13. Qxf3 $14 {0-1 Movsesian,S-Smirnov,P/Panormo 2002/CBM 90 ext (39)}) 7.
Bc4 {More frequently appeared in practice 7.Bf1 and 7.e5.} (7. Bf1 {--> 0-1
Sokolov,A-Lautier,J/Aix les Bains 2003/CBM 97 [Erenburg] (32)}) (7. e5 Nxb5 8.
exf6 Nxc3 9. fxg7 Bxg7 10. dxc3 d6 11. Ng5 Bf5 (11... h6 12. Bf4 O-O 13. Ne4 f5
14. Nxd6 exd6 15. Bxd6 Qf7 16. Bxf8 Bxf8 17. Qd8 $13 {1/2-1/2 Volokitin,
A-Eljanov,P/Alushta 2002/EXT 2003 (36)}) 12. a4 Qc6 13. Qe2 Bf6 14. Ne4 Bxe4
15. Qxe4 Qxe4 16. Rxe4 d5 {1/2-1/2 Anand,V-Kramnik,V/Linares 2003/CBM 94 (16)})
7... Ng4 $1 $146 {[%mdl 8] This novelty puts on question white's last move.} (
7... d6 8. Nd5 (8. h3 e6 9. d3 b5 10. Bb3 Nxb3 11. axb3 Bb7 12. Bf4 Nd7 $15 {
0-1 Byklum,B-McShane,L/Copenhagen 2003/CBM 95 ext (34)}) 8... Nxd5 9. exd5 g6
10. Nxd4 cxd4 11. d3 h6 12. b4 Bg7 13. Qe2 Bf6 14. Qf3 Kf8 $11 {1/2-1/2
Kasparov,G-Leko,P/Linares 2003/CBM 94 (33)}) 8. d3 $5 ({Does not work} 8. Bxf7+
$2 Kxf7 9. Ng5+ Kg8 $1 (9... Ke8 $2 10. Qxg4 Nxc2 11. Nd5 Qb8 12. Nxh7 $1 Nxe1
13. Qg6+ Kd8 14. Qb6+ Ke8 15. Nc7+ Qxc7 (15... Kf7 $2 16. Ng5+ Kg8 17. Qg6 $18)
16. Qxc7 Rxh7 17. Qxc5 $16) 10. Qxg4 h6 (10... Nxc2 $4 11. Qf5 $18 {[%cal
Rf5f7]}) 11. Nd5 Qd6 12. Nf3 Nxc2 $17) ({Objectively safer is} 8. g3 {, though
after} Nxf3+ 9. Qxf3 Ne5 10. Qe2 e6 {black has a nice game.}) 8... Nxf3+ 9.
Qxf3 Qxh2+ 10. Kf1 Ne5 (10... Qh5 $6 11. Bxf7+ Qxf7 12. Qxg4 $11) 11. Bxf7+
Nxf7 12. Bf4 Qh4 $6 ({Clearly stronger would have been} 12... Ne5 $1 13. Bxh2
Nxf3 14. gxf3 e6 15. Na4 d6 {[%csl Gh7] with advantage in the endgame.}) 13.
Nd5 d6 14. Bg3 (14. Nc7+ $2 Kd8 15. Nxa8 Bg4 {[%csl Ye2,Rf1,Rf3][%cal Gh4h1]}
16. g3 Qh5 17. Qg2 Bh3 $19) 14... Ne5 15. Qxf8+ Kxf8 16. Bxh4 {After an
exciting battle in the opening the position has settled to an approximately
equal endgame.} Ng6 17. Bg5 h6 18. Be3 Bd7 19. Nb6 Rd8 20. d4 (20. Nxd7+ $142
Rxd7 21. a4 {and white can hope for a slight edge.}) 20... cxd4 21. Bxd4 $6 {
This is already serious inaccuracy. White should eliminate the opponent bishop.
} (21. Nxd7+ Rxd7 22. Bxd4 $11) 21... Bc6 22. Rad1 Kf7 23. Bc3 {From now on,
white started to play without any concrete plan.} (23. f3 $142 {followed by
c2-c4 and Nb6-d5.}) 23... Nf4 24. Bd2 Ne6 25. f3 h5 $1 {Black begins to carry
out nice plan of advancing his kingside pawns.} 26. Kf2 h4 27. Be3 $6 {Another
hollow move.} ({Better was} 27. Nc4 $11 {[%cal Yc4e3]}) 27... Rh5 {Black
gradually grabs the initiative.} 28. Nd5 Rc8 29. c4 (29. Nf4 Nxf4 30. Bxf4 Ba4
{[%csl Rc2] winning the pawn.}) 29... g5 30. b3 (30. Rh1 $5 Rg8 $140 31. g4 $1
$11) 30... Rg8 31. Rh1 $6 ({Probably stronger was} 31. g4 hxg3+ (31... Rh7 $5)
32. Kxg3 Rgh8 33. Rg1 Rh2 34. Rg2 R8h3+ 35. Kf2) 31... g4 32. f4 (32. Nf4 Nxf4
33. Bxf4 h3 $17 {[%csl Gh3]}) 32... Nf8 33. g3 $2 {Giving black strong,
defended passed pawn certainly can not be recommended.} ({Possible was} 33. f5
Nd7 34. Bd4 {with reasonable chances for a draw.}) 33... h3 34. Kg1 Nd7 35. Kh2
Bxd5 36. exd5 b5 $19 {Ruining white's pawn chain on the queenside.} 37. Bd4
bxc4 38. bxc4 Rc8 39. Rc1 e6 40. dxe6+ Kxe6 41. Rhe1+ Kf7 42. Re2 Re8 {The
exchange of rooks willmake black's winning process easier.} 43. Rd2 Ra5 44.
Rcc2 Re6 45. Rb2 Ra4 46. Rb7 Re7 47. Rc2 Ra3 48. Ra7 Rd3 49. Bf2 Nf6 {The
invasion of the knight is decisive.} 50. Rxe7+ (50. Rxa6 Ne4 $19 {[%cal Re4d2,
Rd2f3]}) 50... Kxe7 51. c5 Ne4 52. c6 Kd8 53. Bb6+ Kc8 54. Re2 d5 55. Ba5 Ra3
56. Be1 Kc7 57. Rc2 Ra4 {[%cal Ra4c4]} 0-1

[Event "Bundesliga 0102"]
[Site "Germany"]
[Date "2002.04.27"]
[Round "14.5"]
[White "Handke, Florian"]
[Black "Chandler, Murray G"]
[Result "0-1"]
[WhiteElo "2384"]
[BlackElo "2540"]
[Annotator "Postny,E"]
[PlyCount "76"]
[EventDate "2001.10.06"]
[EventType "team-tourn"]
[EventRounds "15"]
[EventCountry "GER"]
[SourceTitle "CBM 089"]
[Source "ChessBase"]
[SourceDate "2002.08.12"]
[SourceVersion "1"]
[SourceVersionDate "2002.08.12"]
[SourceQuality "1"]
[WhiteTeam "Wattenscheid"]
[BlackTeam "Solingen"]
[WhiteTeamCountry "GER"]
[BlackTeamCountry "GER"]

1. e4 c5 2. Nf3 Nc6 3. Nc3 Nf6 4. Bb5 g6 5. e5 {The most ambitious
continuation. Other theoretical lines are: 5.0-0, 5.Bc6, 5.h3.} Ng4 6. Bxc6
dxc6 7. h3 Nh6 8. Ne4 $6 {As practice shows this move does not cause black any
problems.} (8. g4 {[%csl Rh6] - see the games: Khalifman,A-Lautier,J/Corus
Wijk aan Zee 2002/CBM 87 [Lautier] and Moiseenko,A-Nedev,T/EU-ch Ohrid 2001/
CBM 84 [Gershon]}) 8... b6 9. d3 (9. Qe2 Nf5 10. c3 Bg7 11. g4 Nh6 12. Nf6+ Kf8
13. Ne4 f5 14. exf6 exf6 15. d3 Nf7 16. Be3 f5 17. gxf5 Bxf5 $132 {0-1
Rytshagov,M-Spasov,V/Yerevan 1996/EXT 97 (45)}) 9... Bg7 10. Bf4 Nf5 11. Qd2 $6
$146 {After this inaccurate move white has problems with Pe5.} (11. Qe2 Nd4 12.
Nxd4 cxd4 (12... Qxd4 13. c3 Qd8 14. Nf6+ Kf8 15. Ne4 $13 {1/2-1/2 Jenetl,
R-Tseshkovsky,V/Krasnodar 1999/EXT 2002 (46)}) 13. O-O (13. Nf6+ $142) 13...
O-O 14. Bh2 Qd5 15. f4 c5 16. b3 Bb7 $15 {0-1 Rosito,J-Cristobal,R/Mar del
Plata 1999/CBM 73 ext (60)}) (11. c3 Ba6 12. c4 O-O 13. O-O Nd4 $11 {1/2-1/2
Van Riemsdijk,H-Disconzi da Silva,R/Santos 1998/EXT 2001 (23)}) 11... Nd4 $15
12. Nxd4 {Probably white should avoid this exchange.} (12. Nh2 $5 Qd5 13. c3
Ne6 14. c4 Qd7 $15) 12... Qxd4 {[%csl Re5]} 13. O-O-O (13. c3 Qd5 14. c4 Qd4
15. Qc3 $15) 13... Be6 {[%csl Ra2,Re5]} (13... Bxe5 14. Bxe5 Qxe5 15. Rhe1 $44)
14. Kb1 $2 {White was probably too optimistic about his chances after losing
the Pe5.} ({After} 14. c3 {white keeps material equality.}) 14... Bxe5 15. Bxe5
Qxe5 {Now white fails to get sufficient compensation, since black has almost
completed his development.} 16. Rhe1 {[%cal Ge4g5]} (16. Ng5 h6 17. f4 Qd6 18.
Nxe6 Qxe6 19. Rhe1 Qd7 $17) 16... h6 $1 {preventing the only white's threat.}
17. f4 Qd4 18. c3 Qd5 19. c4 Qd4 20. g4 O-O-O {Black has completed the
development and enjoing the advantage of an extra pawn.} 21. Qe2 Bd7 22. Qf3 h5
$19 23. Nc3 (23. g5 {would have been probably better, but from practical point
of view there is no counterplay at all for white in this case.}) 23... hxg4 24.
hxg4 Rh2 ({Strong as well was} 24... Rh4 25. Rxe7 Qf6 26. Rde1 Bxg4) 25. Rxe7
Rf2 26. Qh1 $6 ({More stubborn would be} 26. Qe4 Rxf4 27. Qxd4 cxd4 28. Ne2
Rxg4 29. Rxf7) 26... Rh8 {Now black has a strong attack as well.} 27. Qe4 (27.
Qe1 Rhh2 $19) 27... Rxf4 (27... Rhh2 $1 {was winning on the spot.}) 28. Qe1 {
White is desperately trying to avoid the exchange of QQ in order to retain
some practical chances, but for no avail.} Rh2 29. Rd2 (29. Re8+ Bxe8 30. Qxe8+
Kb7 {brings nothing for white.}) 29... Rxd2 30. Qxd2 Bxg4 31. Ne4 {A mistake
in a lost position, probably in time-trouble.} Rf1+ 32. Kc2 Bd1+ {winning the
queen.} 33. Qxd1 Rxd1 34. Kxd1 Qxd3+ 35. Nd2 f5 36. Rxa7 g5 37. Rg7 g4 38. Ke1
Qd4 0-1

[Event "EU-ch 4th"]
[Site "Istanbul"]
[Date "2003.05.31"]
[Round "2"]
[White "Baklan, Vladimir"]
[Black "Cherniaev, Alexander"]
[Result "1-0"]
[WhiteElo "2607"]
[BlackElo "2501"]
[Annotator "Postny,E"]
[PlyCount "71"]
[EventDate "2003.05.30"]
[EventType "swiss"]
[EventRounds "13"]
[EventCountry "TUR"]
[SourceTitle "CBM 096"]
[Source "ChessBase"]
[SourceDate "2003.09.25"]
[SourceVersion "1"]
[SourceVersionDate "2003.09.25"]
[SourceQuality "1"]

1. e4 c5 2. Nf3 e6 3. Nc3 Nc6 4. Bb5 Nd4 5. O-O a6 (5... Nxb5 6. Nxb5 a6 7. Nc3
b5 8. d4 cxd4 9. Qxd4 Bb7 10. Bg5 f6 11. Bh4 Rc8 12. a3 Bc5 13. Qd3 Ne7 14.
Rad1 $14 {1-0 Yudasin,L-Filippov,V/St Petersburg 1996/CBM 52 (43)}) (5... Ne7
6. Nxd4 cxd4 7. Ne2 a6 8. Ba4 {- see the game Aronian,L-Beshukov,S/Hastings
2000/CBM 81 [Gershon]}) 6. Bd3 (6. Be2 {appeared in practice as well.}) 6...
Ne7 {This is the main continuation.} ({Also appeared in practice:} 6... Nxf3+)
(6... Nc6) (6... d6) 7. Nxd4 cxd4 8. Ne2 Nc6 (8... d5 {- see the game Svidler,
P-Krasenkow,M/Belgrade 1999/CBM 69 [Smirin]}) 9. c3 Bc5 10. b4 Ba7 11. cxd4 (
11. Bb2 O-O 12. a3 Ne5 13. Qc2 dxc3 14. Qxc3 d6 15. Bc2 Bd7 16. Qg3 Bb5 17. d3
Rc8 18. Rac1 Qf6 19. Kh1 Qg6 20. Bxe5 dxe5 21. Qxe5 Bb8 22. Qb2 f5 $44 {
1/2-1/2 Zaitsev,I-Sveshnikov,E/Podolsk 1992/CBM 33 (29)}) 11... Nxd4 (11...
Nxb4 12. Bb1 O-O 13. a3 Nc6 14. d5 Qf6 15. Qc2 Nd4 16. Nxd4 Bxd4 17. e5 Qh6 18.
Ra2 Bxe5 $17 {0-1 Maciejewski,M-Myc,M/Sopot 1997/CBM 59 (52)}) 12. Bb2 Qf6 $4
$146 {[%csl Rd4,Rf6][%cal Gb2f6] Very unfortunate novelty and actually the
decisive mistake.} (12... Nxe2+ 13. Qxe2 O-O 14. e5 (14. Kh1 Qe7 15. a3 d6 16.
f4 Bd7 17. Rf3 Rac8 18. Rg3 e5 19. Bc4 Kh8 20. d3 f6 21. f5 Bd4 22. Rf1 Bxb2
23. Qxb2 Rc7 24. Rgf3 Be8 25. R3f2 Bf7 $11 {1/2-1/2 Svidler,P-Chekhov,V/
Gausdal 1991/CBM 25 (32)}) 14... Qh4 15. a4 Rd8 16. Rfc1 Qh6 17. Rc4 d5 18.
exd6 Rxd6 19. Bxg7 Bxf2+ 20. Qxf2 Qxg7 21. Rac1 Rxd3 22. Rxc8+ Rd8 23. R8c7 Qd4
24. Rf1 Qxf2+ 25. Rxf2 f5 26. Rf3 $16 {1-0 Tseitlin,M-Khenkin,I/Tel Aviv 1994/
EXT 97 (41)}) {[%tqu "En","How to punish black for his last careless move?","",
"","g1h1","As simple as strong. Black has no reasonable way to get out of the
pin along the a1-h8 diagonal.",10]} 13. Kh1 $1 $18 {As simple as strong. Black
has no reasonable way to get out of the pin along the a1-h8 diagonal.} g5 (
13... O-O 14. f4 d6 15. Rc1 {[%csl Rd4][%cal Gc1c4]} b5 16. Rc7 Bb6 17. Rc6 $18
) 14. Rc1 d6 15. f4 gxf4 16. Nxf4 ({Also strong is} 16. Rxf4 Qg7 17. Rc7) 16...
Qg5 17. Nh5 e5 18. Nf6+ Kd8 19. Qa4 $40 {White has decisive attack for free.
Black has no reasonable way to parry numerous white's threats.} Be6 20. Qa5+
Ke7 (20... b6 21. Qxa6 $18 {[%cal Ra6b7]}) 21. Qc7+ ({Another winning line is} 
21. Rc7+ Kf8 22. Rxb7 Kg7 23. Rxa7 Nc6 (23... Rxa7 $2 24. Bxd4 {[%cal Ga5g5]})
24. Rxf7+ $1 Bxf7 25. Qc7 $18) 21... Kf8 22. Bc4 Rc8 23. Qxd6+ {White has now
an extra pawn and devastating attack as well.} Kg7 24. Bxe6 Rxc1 25. Bxc1 Nxe6
26. d4 {Another unpleasant surprise for black. White gets strong passed pawn
in the centre.} Qg6 27. d5 Bb8 28. Qe7 Nf4 29. Bxf4 exf4 30. Ne8+ Rxe8 (30...
Kg8 31. d6 $18) 31. Qxe8 {White has big material advantage. The rest of the
game needs no comment.} Bd6 32. Qd7 b5 33. a3 Be5 34. Qf5 Qxf5 35. exf5 Kf6 36.
Rc1 1-0

[Event "Avoine op 22nd"]
[Site "Avoine"]
[Date "2007.07.27"]
[Round "7"]
[White "Fedorchuk, Sergey A"]
[Black "Debray, Christopher"]
[Result "1-0"]
[WhiteElo "2618"]
[BlackElo "2333"]
[Annotator "Primel,D"]
[PlyCount "67"]
[EventDate "2007.07.21"]
[EventType "swiss"]
[EventRounds "9"]
[EventCountry "FRA"]
[SourceTitle "EXT 2010"]
[Source "ChessBase"]
[SourceDate "2010.11.25"]
[SourceVersion "1"]
[SourceVersionDate "2010.11.25"]
[SourceQuality "1"]

1. e4 c5 2. Nf3 Nc6 3. Nc3 Nf6 4. Bb5 d6 5. e5 Ng4 6. exd6 Qxd6 7. Ne4 ({RR} 7.
d4 cxd4 8. Qxd4 e5 9. Qxd6 Bxd6 10. Ne4 Bc7 11. h3 Nf6 12. Nxf6+ gxf6 13. Be3
Be6 14. O-O-O a6 15. Be2 f5 16. Ng5 Bxa2 17. b3 h6 18. Nxf7 O-O 19. Rd7 Rac8
20. Bc4 Na5 21. Bd5 f4 {Svidler,P (2684)-Mikhaletz,L (2461)/Warsaw 2000/EXT
2001/1-0}) 7... Qd5 8. d3 e6 $146 ({RR} 8... Nf6 9. c4 Qe6 10. O-O Nxe4 11. Re1
Qd6 12. Rxe4 Bf5 13. Bf4 Qd8 14. Bxc6+ bxc6 15. Re3 e6 16. Be5 f6 17. Bc3 Kf7
18. Nh4 Bg6 19. Qg4 Qd7 20. Rg3 Bd6 21. f4 Kf8 22. Re1 Re8 23. Ree3 {Lobron,E 
(2540)-Muse,M (2405)/Germany 1987/GER-chT/0-1 (64)}) 9. c4 $16 Qd8 10. h3 Nf6
11. Ne5 Bd7 12. Nxf6+ gxf6 (12... Qxf6 13. Nxd7 Kxd7 14. O-O) 13. Nxc6 bxc6 14.
Ba4 Rg8 15. O-O Qc7 (15... Bd6) 16. Qf3 O-O-O $6 (16... f5) 17. b4 $1 cxb4 18.
a3 Bc5 19. axb4 Bd4 20. Ra3 (20. Bf4) 20... Rg6 21. Kh1 Rdg8 22. Rg1 e5 23. Be3
Bxe3 24. Qxe3 f5 (24... Qb6 $142) 25. d4 e4 26. d5 Kb8 27. Bxc6 Bxc6 28. dxc6
Rxc6 29. Rga1 Rb6 30. Rxa7 Qxa7 31. Rxa7 Kxa7 32. c5 Rb5 33. Qa3+ Kb7 34. Qa4
1-0

[Event "Plancoet op-A 10th"]
[Site "Plancoet"]
[Date "2013.07.29"]
[Round "2"]
[White "Tirard, Hugo"]
[Black "Dionisi, Thomas"]
[Result "1-0"]
[WhiteElo "2421"]
[BlackElo "2301"]
[Annotator "RR"]
[PlyCount "57"]
[EventDate "2013.07.28"]
[EventType "swiss"]
[EventRounds "9"]
[EventCountry "FRA"]
[SourceTitle "EXT 2017"]
[Source "ChessBase"]
[SourceDate "2016.10.25"]
[SourceVersion "1"]
[SourceVersionDate "2016.10.25"]
[SourceQuality "1"]
[TimeControl "40/5400+30:1800+30"]

1. e4 c5 2. Nf3 Nc6 3. Bb5 f5 $6 {Débat théorique sur une ligne douteuse} (
3... g6 $142 4. O-O (4. Bxc6)) 4. d3 (4. exf5 {Le MI change le premier par
rapport à la partie du Championnat de France de 2011} Nh6 5. d4 Nxd4 6. Nxd4
cxd4 7. Qh5+ Nf7 8. O-O Qc7 9. c3 g6 10. Qe2 Qe5 11. fxg6 hxg6 12. Qxe5 Nxe5
13. cxd4 Nc6 14. Bd3 Nxd4 15. Bxg6+ Kd8 16. Nc3 Nf3+ 17. gxf3 Rg8 18. Bg5 Rxg6
{Tirard,H (2470)-Dionisi,T (2191) Caen 2011 1-0 (57)}) 4... Nf6 $146 (4... Qa5+
5. Nc3 Nd4 6. Bc4 b5 7. Bd5 Rb8 8. Bxg8 Rxg8 9. O-O b4 10. Nd5 e6 11. Nxd4 cxd4
12. Qh5+ g6 13. Nf6+ Kf7 14. Qh4 Be7 15. Bg5 Rh8 16. Nxh7 Bxg5 17. Nxg5+ Kg7
18. Qg3 Rb6 19. Nf3 {Hjelm,N (2306)-Holving,R (2130) Stockholm 1999 1-0}) 5.
Nbd2 g6 6. h4 Bg7 7. c3 (7. h5 Nxh5 8. Rxh5 gxh5 9. Nh4 $44 {[%cal Gd1h5,Gh4f5]
}) 7... a6 8. Ba4 b5 9. Bb3 (9. Bc2) 9... c4 10. dxc4 bxc4 (10... fxe4 $142 11.
Ng5 Bb7 {[%cal Gc6e5,Gb7e4]}) 11. Bc2 fxe4 12. Nxe4 d5 13. Nxf6+ (13. Ba4 $142
Bb7 14. Nc5 $40) 13... Bxf6 14. h5 Bf5 15. hxg6 Bxg6 16. Bg5 Qd6 17. Bxf6 Bxc2
18. Qxc2 Qe6+ $2 19. Kf1 Qxf6 20. Qd2 Qd6 21. Rh6 $18 Qd7 (21... e6 22. Re1)
22. Re1 Rg8 23. Ree6 Nd8 24. Ne5 Qc8 25. Rb6 Qc5 26. Qe2 Rg5 27. f4 Rf5 28. Qg4
e6 29. Rhxe6+ 1-0

[Event "RUS Cup final"]
[Site "Magnitogorsk"]
[Date "2011.11.14"]
[Round "1.2"]
[White "Zvjaginsev, Vadim"]
[Black "Polschikov, Alexey"]
[Result "1-0"]
[WhiteElo "2680"]
[BlackElo "2390"]
[Annotator "RR"]
[PlyCount "61"]
[EventDate "2011.11.13"]
[EventType "k.o."]
[EventRounds "4"]
[EventCountry "RUS"]
[SourceTitle "CBM 146"]
[Source "ChessBase"]
[SourceDate "2012.01.18"]
[SourceVersion "1"]
[SourceVersionDate "2012.01.18"]
[SourceQuality "1"]

1. e4 c5 2. Nf3 Nc6 3. Bb5 e6 4. O-O Nge7 5. Re1 a6 6. Bf1 d5 7. d3 g6 8. e5
Bg7 9. c3 O-O 10. g3 Bd7 11. Bf4 h6 12. h4 f6 13. Nbd2 Kh7 14. exf6 Rxf6 15.
Bd6 b6 16. Be5 Nxe5 17. Nxe5 Qc7 18. f4 Nf5 19. Qg4 Raf8 20. Ndf3 Be8 21. Qh3
Kh8 22. Qh2 b5 23. Ng4 Nxg3 24. Qxg3 Rxf4 25. Bg2 h5 26. Nge5 R8f5 $2 (26...
Kg8 27. Rad1 b4 $16) 27. Re2 $2 (27. Nxg6+ Bxg6 28. Qxg6) 27... d4 $2 (27...
Kh7 28. Rae1 Bf6) 28. cxd4 cxd4 29. Nxg6+ Bxg6 30. Qxg6 Rg4 31. Ng5 1-0

[Event "POL-chT 66th"]
[Site "Katowice"]
[Date "2010.09.09"]
[Round "6"]
[White "Szoen, Dariusz"]
[Black "Heberla, Bartlomiej"]
[Result "0-1"]
[WhiteElo "2448"]
[BlackElo "2534"]
[Annotator "RR"]
[PlyCount "68"]
[EventDate "2010.09.04"]
[EventType "team-tourn"]
[EventRounds "9"]
[EventCountry "POL"]
[SourceTitle "EXT 2016"]
[Source "ChessBase"]
[SourceDate "2015.10.08"]
[SourceVersion "1"]
[SourceVersionDate "2015.10.08"]
[SourceQuality "1"]
[WhiteTeam "Lublin"]
[BlackTeam "Katowice Szopienice"]
[WhiteTeamCountry "POL"]
[BlackTeamCountry "POL"]

1. e4 c5 2. Nf3 Nc6 3. Bb5 e6 4. O-O (4. Bxc6) 4... Nge7 5. c3 a6 6. Ba4 c4 (
6... b5 {La grande ligne} 7. Bc2) 7. Bc2 (7. d4 cxd3 8. Bf4 Ng6 9. Bg3 b5 10.
Bb3 Na5 11. Qxd3 Nxb3 12. axb3 Bb7 13. c4 Be7 14. Nc3 b4 15. Na4 O-O 16. Rfd1
Bc6 17. Nd4 Bxa4 18. Rxa4 Qb6 19. Nf3 Qb7 20. h4 h5 21. Ra5 f6 22. Rxh5 e5 23.
Rf5 Bc5 24. h5 Ne7 25. Nh4 Nxf5 26. Nxf5 d6 27. Qf3 Qf7 28. Qg4 Kh7 29. Rd3 Rh8
30. Bh4 Kg8 31. Rg3 Rh7 32. Qf3 a5 33. Rxg7+ Rxg7 34. Nh6+ Kf8 35. Nxf7 Rxf7
36. Bxf6 d5 {Bartel,M (2614)-Krasenkow,M (2655) Warsaw 2010 1-0}) 7... Ng6 8.
b3 b5 9. bxc4 (9. a4) 9... bxc4 10. Na3 Na5 11. Rb1 (11. Qe2 Nf4) 11... Bc5 12.
d4 cxd3 $11 {[%csl Rc3]} 13. Bxd3 Qc7 14. Nd4 $146 (14. Qa4 Bb7 15. Nc4 Nxc4
16. Qxc4 d6 17. h4 h5 18. Qa4+ Bc6 19. Qc2 Ne5 20. Nxe5 dxe5 21. Qe2 a5 22. Bg5
f6 23. Be3 Bxe3 24. Qxe3 Bd7 25. Be2 Kf7 26. Rb6 g6 27. Rd1 Kg7 28. Rdd6 Ra7
29. Qd2 Bc8 30. Bb5 Rf8 31. a4 Kh7 32. c4 Qg7 33. c5 Qc7 34. Rbc6 Qe7 35. Bc4
Bd7 36. Ra6 Rfa8 37. c6 Bc8 38. Rb6 Kg7 39. Rb3 Rc7 40. Bb5 Raa7 41. Rbd3 f5
42. exf5 exf5 43. Rg3 Be6 {Fedorchuk,S (2603)-Vega Gutierrez,S (2335) Lorca
2007 1-0}) 14... Bb7 15. Nb3 $1 Nxb3 16. axb3 d5 (16... O-O) 17. exd5 Bxd5 18.
c4 Bb7 19. b4 Bd6 20. Qh5 Nf4 21. Bxf4 Bxf4 22. c5 $13 {[%csl Re8][%cal Ga3c4]}
Rd8 23. Rfd1 g6 24. Qe2 $6 (24. Qh4 {[%cal Gh4h2] Plus naturel et un P est un
P!}) 24... Bxh2+ 25. Kf1 Qc6 $17 26. f3 O-O 27. Nc4 Bc7 28. Ne3 Rd4 29. Be4
Rxe4 30. fxe4 a5 31. b5 Qxc5 32. Rdc1 Qe7 33. Nc4 Qh4 34. b6 Bg3 0-1

[Event "Vandoeuvre op 11th"]
[Site "Vandoeuvre"]
[Date "2014.12.30"]
[Round "9"]
[White "Fedorchuk, Sergey A"]
[Black "Cornette, Matthieu"]
[Result "1/2-1/2"]
[WhiteElo "2669"]
[BlackElo "2571"]
[Annotator "RR"]
[PlyCount "31"]
[EventDate "2014.12.26"]
[EventType "swiss"]
[EventRounds "9"]
[EventCountry "FRA"]
[SourceTitle "EXT 2017"]
[Source "ChessBase"]
[SourceDate "2016.10.25"]
[SourceVersion "1"]
[SourceVersionDate "2016.10.25"]
[SourceQuality "1"]

1. e4 {Une nulle dans cette dernière ronde suffisait à l'ukrainien pour
remporter le tournoi} c5 2. Nf3 Nc6 3. Nc3 (3. d4 cxd4 4. Nxd4 e5 {La
spécialité du français qui a écrit une monographie sur cette défense}) 3... e5
{[%csl Gd4]} 4. Bc4 Be7 5. d3 d6 6. Nd5 (6. O-O Nf6 7. Ng5 {La grande ligne})
6... Nf6 7. c3 O-O 8. O-O Nxd5 (8... Be6) 9. Bxd5 Be6 10. Bxe6 (10. Qb3 Qd7 11.
Ng5) 10... fxe6 11. a3 Bf6 12. b4 b6 13. Be3 $146 (13. b5 Ne7 14. d4 $14 {
Galinsky,T (2424)-Matjushin,O (2188) UKR-ch Sevastopol 2000 (1) 1/2}) 13... Qd7
14. Qb3 a5 15. Qc2 axb4 16. axb4 {Suite illisible et nulle au 38ème coup}
1/2-1/2